| 000 | 01028nam a2200265 i 4500 | ||
|---|---|---|---|
| 001 | 131443 | ||
| 003 | ES-MaACL | ||
| 005 | 20251012205634.0 | ||
| 007 | t| | ||
| 008 | 070214r19711781sp h r ||||1| spa d | ||
| 080 | _a946"0718/1492" | ||
| 100 | 1 |
_aRodríguez de Cuenca, Juan. _998446 |
|
| 245 | 1 | 0 |
_aSumario de los reyes de España / _cJuan Rodríguez de Cuenca ; edición preparada por Eugenio de Llaguno Amírola ; índices realizados por Mª de los Desamparados Pérez Boldo. |
| 260 |
_aValencia : _bAnubar, _c1971. |
||
| 300 |
_aVIII, 116 p. ; _c22 cm. |
||
| 490 | 1 |
_aTextos medievales ; _v25 |
|
| 500 | _aÍndices. | ||
| 534 |
_pReimp. facsímil de la ed. de: _cMadrid : Imp. de Don Antonio de Sancha, 1781. |
||
| 651 | 4 |
_aEspaña- _xHistoria- _y0711-1492, Reconquista. _98217 |
|
| 700 | 1 |
_aLlaguno y Amírola, Eugenio, _d1724-1799 _972661 |
|
| 700 | 1 |
_aPérez Boldo, María de los Desamparados. _990672 |
|
| 830 | 0 |
_aTextos medievales ; _v25 _9179970 |
|
| 852 |
_aES-MaACL _jC-45169 |
||
| 999 |
_c131443 _d131443 |
||